| 000 | 00685nam a22001817a 4500 | ||
|---|---|---|---|
| 003 | AUA.1 | ||
| 005 | 20221129115004.0 | ||
| 008 | 221129b ||||| |||| 00| 0 eng d | ||
| 040 | _cJTL | ||
| 100 | _aNkuziona, Yolos Austin | ||
| 245 |
_aApproach to increase the number of tithe returners in the South Malawi Conference / _cYolos Austin Nkuziona |
||
| 260 | _cc2022 | ||
| 300 |
_aix, 77 leaves: _c28 cm |
||
| 500 | _aA project presented in partial fulfillment of the requirements for the degree Master of Divinity | ||
| 650 |
_aChurch members _vTithes |
||
| 650 |
_aSeventh-day Adventist Church _zSouth Malawi conference |
||
| 942 |
_2lcc _cPROJECT _hMDiv _i.N589 2022 |
||
| 999 |
_c23716 _d23716 |
||